Hipertensión arterial en el anciano / (Registro nro. 2233)

Detalles MARC
000 -LEADER
fixed length control field 01166nam a2200325 a 4500
005 - FECHA ULTIMA MODIFICACION
control field 20240325113819.0
008 - CAMPO DE CONTROL (LIBRO)
fixed length control field 100325t1996||||ag f |||| 001 0 spa d
020 ## - INTERNATIONAL STANDARD BOOK NUMBER
ISBN S/N
041 ## - CODIGO DE IDIOMA
Código de idioma del texto/pista de sonido o título separado spa
092 ## - SIGNATURA TOPOGRAFICA DEWEY LOCAL
número de clasificación 616.132
libristica 75
sección ROM
100 1# - ENTRADA PRINCIPAL--NOMBRE PERSONAL
Nombre personal Romero Villanueva, Horacio.
245 ## - TITULO PROPIAMENTE DICHO
Título Hipertensión arterial en el anciano /
Mención de responsabilidad y remanente de la transcripción de la portada Horacio Romero Villanueva
250 ## - MENCION DE EDICION
Mención de edición 1a ed.
260 ## - PIE DE IMPRENTA
Lugar de publicación, distribución, etc Buenos Aires:
Nombre de la editorial, distribuidor, etc Ediciones Médicas Internacionales;
Fecha de publicación 1996.
300 ## - DESCRIPCION FISICA
Extension 184 p.
500 ## - NOTA GENERAL
Nota general Romero Villanueva, H. y Farah, R. A. (1996). Hipertensión arterial en el anciano. (1a ed.). Buenos Aires : Ediciones Médicas Internacionales.
653 ## - TÉRMINO INDIZADO - PALABRAS CLAVES
Palabra clave Epidemiología
653 ## - TÉRMINO INDIZADO - PALABRAS CLAVES
Palabra clave Fisiopatología
653 ## - TÉRMINO INDIZADO - PALABRAS CLAVES
Palabra clave Estudio de la tensión arterial en el anciano
653 ## - TÉRMINO INDIZADO - PALABRAS CLAVES
Palabra clave Hipertensión de origen renal
653 ## - TÉRMINO INDIZADO - PALABRAS CLAVES
Palabra clave Hipertensión de origen renovascular
653 ## - TÉRMINO INDIZADO - PALABRAS CLAVES
Palabra clave Hipertensión de origen suprarrenal
653 ## - TÉRMINO INDIZADO - PALABRAS CLAVES
Palabra clave Hipertensión arterial y diabetes
653 ## - TÉRMINO INDIZADO - PALABRAS CLAVES
Palabra clave Autorregulación cerebral
653 ## - TÉRMINO INDIZADO - PALABRAS CLAVES
Palabra clave Tratamiento no farmacológico
653 ## - TÉRMINO INDIZADO - PALABRAS CLAVES
Palabra clave Rehabilitación cardiovascular
653 ## - TÉRMINO INDIZADO - PALABRAS CLAVES
Palabra clave Farmacología
700 1# - ENTRADAS SECUNDARIAS - NOMBRE PERSONAL
Nombre personal Farah, Rubén Angel
942 ## - ADDED ENTRY ELEMENTS (KOHA)
Source of classification or shelving scheme Dewey Decimal Classification
Item type Libros
Existencias
Estado de retiro Existencia Fuente de clasificación Estado general No para prestamo Ubicación permanente ubicación actual Sala de ubicación Fecha de adquisición Fuente de adquisición Total Checkouts Número de clasificación Código de barras Date last seen Número de ejemplar Price effective from Koha tipo de elemento (item) Public note
    Dewey Decimal Classification     Biblioteca Medicina Biblioteca Medicina Circulación 29/10/2015 Donacion Dr. H. Buzeki, octubre 2015   616.132 75 ROM 3620 29/10/2015 Ej.1 29/10/2015 Libros Donacion Dr. H. Buzeki, octubre 2015

UNIVERSIDAD NACIONAL DEL COMAHUE
Biblioteca de la Facultad de Ciencias Médicas
Sede Toschi: Los Arrayanes y Av. Toschi, Cipolletti  - Rio Negro
Sede Los Tordos:  Yrigoyen al 2211, Cipolletti - Rio Negro 

Teléfono: 0299 - 4774707 int 25
Contacto: biblioteca@facimed.uncoma.edu.ar
© 2011 - 2026